|
|
|
|
| LEADER |
00000nam0a2200000 4500 |
| 001 |
350724 |
| 005 |
20231102010330.0 |
| 010 |
|
|
|b 3000 экз.
|
| 035 |
|
|
|a (RuTPU)RU\TPU\retro\4986
|
| 090 |
|
|
|a 350724
|
| 100 |
|
|
|a 20190226d1936 k y0rusy50 ca
|
| 101 |
1 |
|
|a rus
|c eng
|
| 102 |
|
|
|a RU
|
| 105 |
|
|
|a a z 001zy
|
| 200 |
1 |
|
|a Фотоэлектрические явления
|e пер. с англ.
|f А. Л. Юз, Л. А. Дюбридж
|
| 210 |
|
|
|a Ленинград
|a Москва
|c ОНТИ
|c Главная редакция общетехнической литературы
|d 1936
|
| 215 |
|
|
|a 495 с.
|c ил.
|
| 316 |
|
|
|5 63413507: КР-6076
|a На форзаце владельческая подпись: "А. Воробьев"
|
| 317 |
|
|
|5 63413507: КР-6076
|a Поступила в НТБ в 1987 г. в дар от вдовы ученого Е. К. Завадовской
|
| 320 |
|
|
|a Библиогр. в тексте
|
| 606 |
1 |
|
|a Фотоэлектрические явления
|x (оптика)
|2 stltpush
|3 (RuTPU)RU\TPU\subj\64317
|9 81223
|
| 610 |
1 |
|
|a физика
|
| 610 |
1 |
|
|a фотоэлектричество
|
| 610 |
1 |
|
|a фотоэлектрические свойства
|
| 610 |
1 |
|
|a фотоэлектроны
|
| 610 |
1 |
|
|a фотоэффекты
|
| 610 |
1 |
|
|a фотоэлектрическая эмиссия
|
| 610 |
1 |
|
|a ионизация
|
| 610 |
1 |
|
|a газы
|
| 610 |
1 |
|
|a пары
|
| 610 |
1 |
|
|a фотопроводимость
|
| 610 |
1 |
|
|a фотогальванические эффекты
|
| 610 |
1 |
|
|a неметаллические материалы
|
| 610 |
1 |
|
|a фотоэлектрическая техника
|
| 610 |
1 |
|
|a применение
|
| 610 |
1 |
|
|a библиотека А. А. Воробьева
|
| 675 |
|
|
|a 535.21
|v 4
|
| 700 |
|
1 |
|a Юз
|b А. Л.
|g Артур Ллевелин
|
| 701 |
|
1 |
|a Дюбридж
|b Л. А.
|g Ли Альвин
|
| 801 |
|
1 |
|a RU
|b 63413507
|c 20190226
|
| 801 |
|
2 |
|a RU
|b 63413507
|c 20200312
|g RCR
|
| 942 |
|
|
|c BK
|